[Event "Steyr Landesliga 1819"]
[Site "Austria"]
[Date "2019.01.12"]
[Round "6.6"]
[White "Voelkl, Georg"]
[Black "Toelly, Michael"]
[Result "1/2-1/2"]
[WhiteElo "1811"]
[BlackElo "2139"]
[PlyCount "55"]
[EventDate "2018.10.06"]
[EventType "team-tourn"]
[EventRounds "11"]
[EventCountry "AUT"]
[SourceTitle "CBM 189 Extra"]
[Source "ChessBase"]
[SourceDate "2019.06.03"]
[SourceVersion "1"]
[SourceVersionDate "2019.06.03"]
[SourceQuality "1"]
[WhiteTeam "Trofaiach Niklasdorf"]
[BlackTeam "Fuerstenfeld/Hartberg"]
[WhiteTeamCountry "AUT"]
[BlackTeamCountry "AUT"]

1. Nf3 Nf6 2. g3 b5 3. Bg2 Bb7 4. d4 e6 5. 0-0 Be7 6. Nbd2 c5 7. c4 a6 8. dxc5 Bxc5 9. Nb3 Be7 10. cxb5 axb5 11. Be3 0-0 12. Nfd4 Bxg2 13. Kxg2 Qb6 14. f3 Nd5 15. Bf2 Qb7 16. e4 Nc7 17. Qe2 Nc6 18. Rfc1 Rfc8 19. Nc5 Bxc5 20. Rxc5 Nxd4 21. Bxd4 d6 22. Rc2 e5 23. Be3 Ne6 24. Rxc8+ Rxc8 25. Rd1 Qa6 26. a3 Kf8 27. Rd5 Rc4 28. b3 1/2-1/2

[Event "Steyr Landesliga 1213"]
[Site "Austria"]
[Date "2013.04.13"]
[Round "9.7"]
[White "Kiss, Balint"]
[Black "Voelkl, Georg"]
[Result "1-0"]
[WhiteElo "1862"]
[BlackElo "1791"]
[PlyCount "91"]
[EventDate "2012.09.22"]
[EventType "team-tourn"]
[EventRounds "11"]
[EventCountry "AUT"]
[SourceTitle "EXT 2014"]
[Source "ChessBase"]
[SourceDate "2013.11.20"]
[SourceVersion "1"]
[SourceVersionDate "2013.11.20"]
[SourceQuality "1"]
[WhiteTeam "Hartberg"]
[BlackTeam "Trofaiach Niklasdorf"]
[WhiteTeamCountry "AUT"]
[BlackTeamCountry "AUT"]

1. e4 c6 2. d4 d5 3. Nc3 dxe4 4. Nxe4 Bf5 5. Ng3 Bg6 6. h4 h6 7. Nf3 Nd7 8. h5 Bh7 9. Bd3 Bxd3 10. Qxd3 Ngf6 11. Bd2 e6 12. 0-0-0 Be7 13. Ne4 Nxe4 14. Qxe4 Nf6 15. Qe2 Qd5 16. c4 Qe4 17. Qxe4 Nxe4 18. Be3 0-0 19. Nd2 Nxd2 20. Rxd2 b5 21. Rc2 Rfd8 22. Rd1 Bf6 23. cxb5 cxb5 24. Rc5 Rac8 25. Rd2 Be7 26. Rxc8 Rxc8+ 27. Rc2 Rxc2+ 28. Kxc2 a6 29. Kb3 Kf8 30. Bd2 Ke8 31. Bb4 Bd8 32. Bc3 Bb6 33. d5 g6 34. dxe6 Bxf2 35. hxg6 fxg6 36. Bb4 Bd4 37. Bd6 Bf6 38. Kb4 Bxb2 39. Ka5 h5 40. Kxa6 h4 41. Kxb5 g5 42. a4 g4 43. a5 h3 44. gxh3 gxh3 45. Kc4 Ba3 46. a6 1-0